header

Reflections on language and language learning (Record no. 24536)

MARC details
000 -LEADER
fixed length control field 01349nam a2200337 a 4500
082 04 - DEWEY DECIMAL CLASSIFICATION NUMBER
Classification number 418/.0071
245 00 - TITLE STATEMENT
Title Reflections on language and language learning
260 ## - PUBLICATION, DISTRIBUTION, ETC. (IMPRINT)
Place of publication Amsterdam ;
-- Philadelphia :
Name of publisher J. Benjamins Pub.,
Year of publication c2001.
300 ## - PHYSICAL DESCRIPTION
Number of Pages xxxiii, 366 p. :
Other physical details ill.
650 #0 - SUBJECT ADDED ENTRY--TOPICAL TERM
Topical Term Language and languages
Topical Term Linguistics.
700 1# - ADDED ENTRY--PERSONAL NAME
Personal name Bax, Marcel.
Personal name Zwart, C. Jan-Wouter.
Personal name Essen, A. J. van.
856 40 - ELECTRONIC LOCATION AND ACCESS
Uniform Resource Identifier http://site.ebrary.com/lib/rucke/Doc?id=10022279

No items available.

© 2026 Rongo University
Contact us: librarian | system librarian | Rongo university